header

Facilitating project performance improvement (Record no. 109628)

MARC details
000 -LEADER
fixed length control field 01331nam a2200337Ia 4500
082 04 - DEWEY DECIMAL CLASSIFICATION NUMBER
Classification number 658.3/124
100 1# - MAIN ENTRY--AUTHOR NAME
Personal name Julian, Jerry.
245 10 - TITLE STATEMENT
Title Facilitating project performance improvement
260 ## - PUBLICATION, DISTRIBUTION, ETC. (IMPRINT)
Place of publication New York :
Name of publisher AMACOM,
Year of publication c2010.
300 ## - PHYSICAL DESCRIPTION
Number of Pages xiv, 208 p. :
Other physical details ill.
490 1# - SERIES STATEMENT
Series statement The adult learning theory and practice book series
650 #0 - SUBJECT ADDED ENTRY--TOPICAL TERM
Topical Term Organizational learning.
Topical Term Project management.
856 40 - ELECTRONIC LOCATION AND ACCESS
Uniform Resource Identifier http://site.ebrary.com/lib/rucke/Doc?id=10370300

No items available.

© 2026 Rongo University
Contact us: librarian | system librarian | Rongo university